00481nam a22001577a 4500020001900000082000800019100001600027245005600043250001300099260003300112300003300145500001500178942000700193999001700200952010600217 a 9788126540464 a670 aBlack, J T. aDeGarmo`s Materials And Processes in Manufacturing  a11th ed. aNew Delhi : bWiley, c2014. a(i-v) index 115 p. ;b25 cm. aPaperback. cBK c33712d33712 00102ddc4070aCLbCLd2016-05-12l1m1o670 BLApSMME-2877r2024-05-20s2024-03-21w2016-05-12yBK